000 01113nam a2200325 a 4500
001 25190
003 CO-ViMGA
005 20230915232046.0
008 141112s2004 ck r 000 u spa d
015 _ack - 2004 - xxxx
020 _a9588232228
035 _aAJC1407 LA
040 _aCO-ViMGA
_bspa
_cCO-ViMGA
041 _aspa
043 _ae - ur - - -
082 0 4 _a891.71 C43b2 19 ed.
100 1 _aChejov, Anton Pavlovich, 1860 - 1904.
_92719
245 1 0 _aEl beso y otros cuentos [Braille] /
_cAntón Pávlovich Chéjov.
250 _aAsesora editorial Margarita Valencia Vargas.
260 _aBogotá :
_bInstituto Distrital de Cultura y Turismo,
_cInstituto Nacional para Ciegos "Inci",
_c2011
300 _a; 18 cm.
490 _aLibro al viento
500 _aTexto en imprenta y Braille
505 _aLa muerte del funcionario ; Boda por interés ; El beso.
650 1 4 _aCuentos rusos.
_914751
651 _aRusia - Vida social y costumbres - Cuentos.
_938360
700 1 _aValencia Vargas, Margarita, ed.
_938361
740 _aEl beso y otros cuentos.
942 _2ddc
_cBK
999 _c32817
_d32817